[Event "Montcalm 3 2023-24"]
[Site "Quebec CAN"]
[Date "2023.12.14"]
[Round "5"]
[White "Poulin, Mark-Olivier"]
[Black "Dumont, Eric"]
[Result "0-1"]
[WhiteElo "1148"]
[BlackElo "1720"]
[PlyCount "88"]
[EventDate "2023.11.16"]
[EventType "swiss"]
[EventRounds "5"]
[EventCountry "CAN"]

1. d4 d5 2. Nc3 Bf5 3. g3 Nf6 4. Bg2 c6 5. Bg5 Nbd7 6. Nf3 h6 7. Bf4 e6 8. O-O
Be7 9. h4 Nh5 10. Bd2 g5 11. Nh2 Bg6 12. g4 Nf4 13. h5 Bh7 14. Bxf4 gxf4 15. e3
Qc7 16. a3 Bd6 17. e4 dxe4 18. Bxe4 Bxe4 19. Nxe4 O-O-O 20. Nxd6+ Qxd6 21. Re1
Rhg8 22. Kf1 Qd5 23. f3 Nf6 24. Qd3 Qxd4 25. Qxd4 Rxd4 26. Rad1 Rgd8 27. Ke2
Nh7 28. Nf1 Ng5 29. Rxd4 Rxd4 30. Nh2 Kd7 31. Rd1 Rxd1 32. Kxd1 Kd6 33. Ke2 f6
34. Nf1 Kd5 35. Nd2 e5 36. Kd3 Ke6 37. c4 f5 38. b4 e4+ 39. fxe4 fxg4 40. a4
Ke5 41. c5 g3 42. Nc4+ Ke6 43. b5 g2 44. bxc6 bxc6 0-1

[Event "Montcalm 3 2023-24"]
[Site "Quebec CAN"]
[Date "2023.12.14"]
[Round "5"]
[White "Sauve, Richard"]
[Black "Mercure, Gilbert"]
[Result "1-0"]
[WhiteElo "1914"]
[BlackElo "1814"]
[PlyCount "40"]
[EventDate "2023.11.16"]
[EventType "swiss"]
[EventRounds "5"]
[EventCountry "CAN"]

1. d4 d5 2. c4 Nc6 3. e3 e5 4. cxd5 Qxd5 5. Nc3 Bb4 6. a3 Bxc3+ 7. bxc3 exd4 8.
cxd4 Bf5 9. Nf3 Nf6 10. Bd3 Ne4 11. O-O Nc3 12. Qc2 Bxd3 13. Qxd3 Ne4 14. Rb1
O-O 15. Rb5 Qd7 16. Qxe4 Rad8 17. Rxb7 Rfe8 18. Qc2 Qd5 19. Rxc7 Re6 20. e4 Qd6
1-0

[Event "Montcalm 3 2023-24"]
[Site "Quebec CAN"]
[Date "2023.12.14"]
[Round "5"]
[White "Savard, Alexandre"]
[Black "Miskic, Zdenko"]
[Result "0-1"]
[WhiteElo "1739"]
[BlackElo "1465"]
[PlyCount "84"]
[EventDate "2023.11.16"]
[EventType "swiss"]
[EventRounds "5"]
[EventCountry "CAN"]

1. d4 c5 2. d5 d6 3. Nc3 g6 4. e4 Bg7 5. Nf3 a6 6. a4 Nf6 7. Be2 O-O 8. O-O Ne8
9. h4 e6 10. Nd2 Qxh4 11. Nc4 Qd8 12. a5 e5 13. Na4 Nd7 14. Nab6 Nxb6 15. Nxb6
Rb8 16. b4 f5 17. bxc5 fxe4 18. Ba3 dxc5 19. Bxc5 Rf6 20. c4 Bf8 21. Be3 h6 22.
Qb3 Kg7 23. c5 Bd7 24. f4 exf3 25. Bxf3 Bb5 26. Rfe1 Qe7 27. d6 Qd8 28. Qc3 Kh7
29. Bf2 Bg7 30. Bg3 Rf8 31. Bxe5 Qg5 32. Bxg7 Nxg7 33. Re7 Rf6 34. Rd1 h5 35.
Bxb7 Rxb7 36. c6 Rxe7 37. dxe7 Rxc6 38. Qe1 Rc2 39. g3 Re2 40. Qxe2 Bxe2 41.
Rd7 Qxg3+ 42. Kh1 Bf3# 0-1

[Event "Montcalm 4 2022-23"]
[Site "Quebec CAN"]
[Date "2023.01.05"]
[Round "1"]
[White "Auger, Bertrand"]
[Black "Duguay-Piron, Simon"]
[Result "1-0"]
[WhiteElo "2055"]
[BlackElo "1618"]
[PlyCount "141"]
[EventDate "2023.01.05"]
[EventType "swiss"]
[EventRounds "5"]
[EventCountry "CAN"]

1. Nf3 d5 2. g3 Nf6 3. Bg2 c5 4. c4 e6 5. O-O Nc6 6. cxd5 exd5 7. d4 cxd4 8.
Nxd4 Bc5 9. Nb3 Bb6 10. Nc3 d4 11. Na4 Bc7 12. Nac5 O-O 13. Nd3 Nd5 14. Nbc5 b6
15. Qb3 Nce7 16. Ne4 h6 17. Nb4 Be6 18. Nxd5 Nxd5 19. Qd3 Rc8 20. a3 Re8 21.
Nd2 Bg4 22. Nf3 Nf6 23. Qxd4 Qxd4 24. Nxd4 Bxe2 25. Re1 Bc4 26. Be3 Nd5 27. Bh3
Rcd8 28. Rac1 Bd3 29. Red1 Nxe3 30. Rxd3 Nd5 31. Bg2 Be5 32. Rcd1 Nf6 33. Bf3
Rxd4 34. Rxd4 Bxd4 35. Rxd4 Re1+ 36. Kg2 g6 37. Rd8+ Kg7 38. Ra8 Rb1 39. Rxa7
Rxb2 40. a4 h5 41. Rb7 Ra2 42. Bd1 Ng4 43. Rxf7+ Kxf7 44. Bb3+ Kf6 45. Bxa2 Ke5
46. Bf7 Kf6 47. Be8 Kf5 48. Bd7+ Ke5 49. f4+ Ke4 50. Bc6+ Ke3 51. Be8 Nf6 52.
Bxg6 Ke2 53. h3 Ke3 54. Bf5 Ke2 55. Be6 Ke3 56. Bc8 Ne4 57. Bb7 Nf6 58. Bf3 h4
59. f5 hxg3 60. Kxg3 Kd4 61. Kf4 Kc5 62. h4 Kd6 63. h5 Ke7 64. Kg5 Kf7 65. Kf4
Ke7 66. h6 Kf7 67. Bd1 Nh7 68. Bb3+ Kf6 69. Ba2 Nf8 70. Bg8 Ng6+ 71. fxg6 1-0

[Event "Montcalm 4 2022-23"]
[Site "Quebec CAN"]
[Date "2023.01.05"]
[Round "1"]
[White "Brown, Zachary"]
[Black "Laflamme, Simon"]
[Result "1/2-1/2"]
[WhiteElo "1584"]
[BlackElo "1965"]
[PlyCount "84"]
[EventDate "2023.01.05"]
[EventType "swiss"]
[EventRounds "5"]
[EventCountry "CAN"]

1. e4 c6 2. d4 d5 3. f3 e6 4. Nc3 Nf6 5. Bg5 Be7 6. e5 Nfd7 7. Bxe7 Qxe7 8. Qd2
O-O 9. f4 b6 10. Nf3 Ba6 11. Bxa6 Nxa6 12. O-O Nc7 13. Ne2 c5 14. c3 Rac8 15.
Qd3 f6 16. Rae1 f5 17. Ng3 Nb8 18. Rc1 Nc6 19. b3 Qd7 20. Ne2 Na5 21. c4 dxc4
22. bxc4 Rfd8 23. Rfd1 Qa4 24. Qc2 Qxc2 25. Rxc2 Rd7 26. Ng3 g6 27. Ne2 Rcd8
28. h3 Na6 29. a3 Nc7 30. Kf2 Nb3 31. Rc3 Na5 32. Ke1 Nc6 33. Rcd3 b5 34. cxb5
Nxb5 35. a4 Nbxd4 36. Nexd4 Nxd4 37. Nxd4 cxd4 38. Ke2 Kf7 39. Kf3 Ke7 40. g4
Kf7 41. R1d2 Ke7 42. Rd1 Kf7 1/2-1/2

[Event "Montcalm 4 2022-23"]
[Site "Quebec CAN"]
[Date "2023.01.05"]
[Round "1"]
[White "Cournoyer, Dominic"]
[Black "Hamel, Tristan"]
[Result "1-0"]
[WhiteElo "1958"]
[BlackElo "1550"]
[PlyCount "61"]
[EventDate "2023.01.05"]
[EventType "swiss"]
[EventRounds "5"]
[EventCountry "CAN"]

1. c4 e6 2. Nf3 d5 3. g3 Nf6 4. Bg2 Be7 5. O-O O-O 6. b3 c5 7. Bb2 Nc6 8. d3 d4
9. Nbd2 Qc7 10. e3 e5 11. exd4 exd4 12. Ng5 h6 13. Nge4 Nxe4 14. dxe4 f5 15. f4
fxe4 16. Nxe4 b6 17. Qh5 Be6 18. f5 Bf7 19. Qh3 Qd7 20. g4 Rfe8 21. f6 Bd8 22.
fxg7 Kxg7 23. Bc1 Rh8 24. Ng3 Bg6 25. Nf5+ Bxf5 26. gxf5 Bf6 27. Qg4+ Kf8 28.
Qg6 Qd6 29. Bf4 Ne5 30. Bd5 Qxd5 31. Qxf6+ 1-0

[Event "Montcalm 4 2022-23"]
[Site "Quebec CAN"]
[Date "2023.01.05"]
[Round "1"]
[White "Fecteau, Martin"]
[Black "Boissinot, Claude"]
[Result "1-0"]
[WhiteElo "1903"]
[BlackElo "1484"]
[PlyCount "57"]
[EventDate "2023.01.05"]
[EventType "swiss"]
[EventRounds "5"]
[EventCountry "CAN"]

1. d4 Nf6 2. c4 e6 3. Nf3 d6 4. Nc3 d5 5. Bg5 Be7 6. e3 O-O 7. Bd3 Nc6 8. O-O
a6 9. a3 h6 10. Bh4 Bd7 11. Rc1 dxc4 12. Bxc4 Na5 13. Bd3 b5 14. Ne5 Be8 15. b4
Nb7 16. Bg3 Nd6 17. Bb1 Rc8 18. Qd3 Nf5 19. Ne4 Nxe4 20. Qxe4 g6 21. Nc6 Bxc6
22. Rxc6 Nxg3 23. hxg3 Ra8 24. Rxe6 Bf6 25. Rc6 Re8 26. Qf4 Bg7 27. Rxc7 Rf8
28. Rfc1 g5 29. Qf5 1-0

[Event "Montcalm 4 2022-23"]
[Site "Quebec CAN"]
[Date "2023.01.05"]
[Round "1"]
[White "Lapierre, Gaetan"]
[Black "Gauthier-Andersen, Gabriel"]
[Result "1-0"]
[WhiteElo "1806"]
[BlackElo "1290"]
[PlyCount "73"]
[EventDate "2023.01.05"]
[EventType "swiss"]
[EventRounds "5"]
[EventCountry "CAN"]

1. e4 e5 2. Nf3 Nc6 3. Bb5 a6 4. Bxc6 dxc6 5. d4 Bg4 6. dxe5 Qxd1+ 7. Kxd1
O-O-O+ 8. Ke2 Bc5 9. Be3 b6 10. Bxc5 bxc5 11. Nbd2 Ne7 12. h3 Bxf3+ 13. gxf3
Rhe8 14. Ke3 Ng6 15. Nc4 Nxe5 16. Na5 Rd6 17. f4 Ng6 18. f5 Ne5 19. Rad1 Red8
20. Rxd6 cxd6 21. f4 Nd7 22. Nxc6 Re8 23. Kf3 Kc7 24. Na5 Nf6 25. Re1 Nd7 26.
Re3 f6 27. Nc4 Kc6 28. Rd3 Nb8 29. Rxd6+ Kb5 30. Re6 Rd8 31. Na3+ Ka4 32. Re7
Rg8 33. e5 Nc6 34. Rc7 Nd4+ 35. Ke4 Kb4 36. c3+ Ka5 37. Rxc5+ 1-0

[Event "Montcalm 4 2022-23"]
[Site "Quebec CAN"]
[Date "2023.01.05"]
[Round "1"]
[White "Michaud, Jacques"]
[Black "Sauve, Richard"]
[Result "0-1"]
[WhiteElo "1496"]
[BlackElo "1930"]
[PlyCount "76"]
[EventDate "2023.01.05"]
[EventType "swiss"]
[EventRounds "5"]
[EventCountry "CAN"]

1. d4 d5 2. Bg5 h6 3. Bh4 Nf6 4. Bxf6 gxf6 5. Nf3 c5 6. e3 Nc6 7. c4 e6 8. cxd5
exd5 9. Be2 Be6 10. O-O cxd4 11. Nxd4 Bg7 12. Nxe6 fxe6 13. Bh5+ Kf8 14. Nc3 f5
15. Qf3 Qg5 16. Qh3 Bxc3 17. bxc3 Ke7 18. f4 Qf6 19. Rac1 Na5 20. Qf3 Rhc8 21.
c4 Nxc4 22. Rfd1 Rc6 23. e4 fxe4 24. Qg3 Nd6 25. Rxc6 bxc6 26. Rc1 Rb8 27. h3
c5 28. Kh2 c4 29. Qe3 d4 30. Qa3 Qxf4+ 31. Kh1 Rb7 32. Bg4 d3 33. Qc3 Qf6 34.
Qe1 Rc7 35. Qb4 e3 36. Re1 e2 37. Bxe2 dxe2 38. Rxe2 Qf1+ 0-1

[Event "Montcalm 4 2022-23"]
[Site "Quebec CAN"]
[Date "2023.01.05"]
[Round "1"]
[White "Roux, Michel"]
[Black "Gingras, Philippe"]
[Result "0-1"]
[WhiteElo "1608"]
[BlackElo "2053"]
[PlyCount "71"]
[EventDate "2023.01.05"]
[EventType "swiss"]
[EventRounds "5"]
[EventCountry "CAN"]

1. d4 Nf6 2. Bf4 d5 3. e3 c5 4. Nf3 Nc6 5. Nbd2 Qb6 6. dxc5 Qxc5 7. a3 a5 8. c4
dxc4 9. Bxc4 e5 10. Rc1 exf4 11. Bxf7+ Kxf7 12. Rxc5 Bxc5 13. Qb3+ Ke7 14. O-O
fxe3 15. fxe3 Rd8 16. Kh1 Rb8 17. e4 Be6 18. Qc2 Bd4 19. Nxd4 Rxd4 20. Re1 Rbd8
21. Qc5+ Ke8 22. Nf3 Rxe4 23. Rc1 Re2 24. Qb5 Re4 25. h3 Rd7 26. Qf1 h6 27. Qf2
Kf7 28. Kh2 Kg8 29. Rf1 Re7 30. Nh4 Bd5 31. Qf5 Rxh4 32. Qc8+ Re8 33. Qxb7 Rhe4
34. Qb5 Re2 35. Rg1 Nd4 36. Qd3 0-1

[Event "Montcalm 4 2022-23"]
[Site "Quebec CAN"]
[Date "2023.01.05"]
[Round "1"]
[White "Servant, Michel"]
[Black "Drolet, Stephane"]
[Result "0-1"]
[WhiteElo "1641"]
[BlackElo "2141"]
[PlyCount "60"]
[EventDate "2023.01.05"]
[EventType "swiss"]
[EventRounds "5"]
[EventCountry "CAN"]

1. c4 Nf6 2. Nf3 Nc6 3. g3 e5 4. Bg2 d5 5. cxd5 Nxd5 6. Nc3 Nb6 7. a3 a5 8. d3
Be7 9. O-O Be6 10. e3 a4 11. Qe2 O-O 12. Nd2 Qd7 13. Rd1 Rfd8 14. Nc4 Nd5 15.
Nb5 Bf6 16. d4 exd4 17. Nxd4 Nxd4 18. exd4 Qb5 19. Bf1 Qd7 20. Ne5 Qe7 21. Qe4
g6 22. Bh6 Bf5 23. Qe2 c5 24. f4 cxd4 25. Rac1 Ne3 26. Rd2 Nxf1 27. Kxf1 Bh3+
28. Kf2 Rac8 29. Rxc8 Bxc8 30. h4 Bxh4 0-1

[Event "Montcalm 4 2022-23"]
[Site "Quebec CAN"]
[Date "2023.01.12"]
[Round "2"]
[White "Boissinot, Claude"]
[Black "Servant, Michel"]
[Result "0-1"]
[WhiteElo "1484"]
[BlackElo "1641"]
[PlyCount "76"]
[EventDate "2023.01.05"]
[EventType "swiss"]
[EventRounds "5"]
[EventCountry "CAN"]

1. e4 c5 2. d4 cxd4 3. c3 dxc3 4. Nxc3 Nc6 5. Nf3 e6 6. Bc4 a6 7. a3 Qc7 8. Qe2
Be7 9. O-O b5 10. Ba2 d6 11. Be3 Bb7 12. Rac1 Rc8 13. Nd5 exd5 14. exd5 Nf6 15.
dxc6 Bxc6 16. Nd4 Qb7 17. f3 O-O 18. Nf5 Rfe8 19. Qf2 Bf8 20. Kh1 g6 21. Bg5
Nd7 22. Qg3 Ne5 23. Nh6+ Bxh6 24. Bxh6 Qe7 25. Bg5 Qf8 26. h4 Qg7 27. Rcd1 Nc4
28. Bb1 Qxb2 29. Qf4 Qe5 30. Qc1 d5 31. Rfe1 Qg3 32. Bf6 Rxe1+ 33. Rxe1 Qd6 34.
Qg5 h6 35. Qxh6 Qxf6 36. f4 Re8 37. Rxe8+ Bxe8 38. Kh2 Ne3 0-1

[Event "Montcalm 4 2022-23"]
[Site "Quebec CAN"]
[Date "2023.01.12"]
[Round "2"]
[White "Drolet, Stephane"]
[Black "Cournoyer, Dominic"]
[Result "1-0"]
[WhiteElo "2141"]
[BlackElo "1958"]
[PlyCount "95"]
[EventDate "2023.01.05"]
[EventType "swiss"]
[EventRounds "5"]
[EventCountry "CAN"]

1. d4 Nf6 2. c4 e5 3. dxe5 Ng4 4. e4 Nxe5 5. f4 Ng6 6. Be3 Bb4+ 7. Nd2 Qe7 8.
Qc2 Nc6 9. Bd3 Bc5 10. Bxc5 Qxc5 11. Ne2 Nxf4 12. Nxf4 Qe3+ 13. Be2 Qxf4 14.
O-O-O Nd4 15. Qd3 Nxe2+ 16. Qxe2 d6 17. h3 Be6 18. Rhf1 Qg5 19. Kb1 O-O-O 20.
Nf3 Qc5 21. Rc1 Rhe8 22. g4 f6 23. Qd2 Bf7 24. Rfd1 Bg6 25. Ka1 Bxe4 26. Nd4
Bg6 27. h4 h6 28. Nb3 Qb6 29. g5 fxg5 30. hxg5 h5 31. Qc3 Re7 32. c5 dxc5 33.
Rxd8+ Kxd8 34. Nxc5 Be8 35. Rd1+ Bd7 36. Nxd7 Rxd7 37. Rxd7+ Kxd7 38. Qxg7+ Ke8
39. Qh8+ Ke7 40. Qh7+ Kf8 41. Qh8+ Ke7 42. Qg7+ Kd8 43. a3 Qg1+ 44. Ka2 Qd1 45.
Qg8+ Ke7 46. g6 Qf1 47. Qh7+ Kf8 48. g7+ 1-0

[Event "Montcalm 4 2022-23"]
[Site "Quebec CAN"]
[Date "2023.01.12"]
[Round "2"]
[White "Gauthier-Andersen, Gabriel"]
[Black "Roux, Michel"]
[Result "0-1"]
[WhiteElo "1290"]
[BlackElo "1608"]
[PlyCount "35"]
[EventDate "2023.01.05"]
[EventType "swiss"]
[EventRounds "5"]
[EventCountry "CAN"]

1. e4 d5 2. exd5 Qxd5 3. Nc3 Qa5 4. d4 Nf6 5. Nf3 Bf5 6. Bd3 e6 7. O-O Nbd7 8.
a3 c6 9. b4 Bxb4 10. Bxf5 Bxc3 11. Rb1 Qxf5 12. Rxb7 O-O 13. Qe2 Qd5 14. Bb2
Bxb2 15. Rxb2 Nb6 16. Ne5 Rfd8 17. c3 Qe4 18. Nxc6 0-1

[Event "Montcalm 4 2022-23"]
[Site "Quebec CAN"]
[Date "2023.01.12"]
[Round "2"]
[White "Gingras, Philippe"]
[Black "Fecteau, Martin"]
[Result "1-0"]
[WhiteElo "2053"]
[BlackElo "1903"]
[PlyCount "82"]
[EventDate "2023.01.05"]
[EventType "swiss"]
[EventRounds "5"]
[EventCountry "CAN"]

1. d4 d5 2. Nc3 Bf5 3. f3 e6 4. e4 Bg6 5. h4 h5 6. Bg5 Be7 7. Bxe7 Qxe7 8. Qd2
c6 9. O-O-O Nf6 10. e5 Nfd7 11. Bd3 Bxd3 12. Qxd3 Na6 13. Kb1 g5 14. hxg5 Qxg5
15. Nh3 Qg3 16. Ne2 Qg7 17. Qe3 O-O-O 18. Ng5 Rdg8 19. f4 Nc7 20. Rh3 Rh6 21.
Rdh1 Rgh8 22. Rh4 f6 23. exf6 Qxf6 24. Qd3 c5 25. c3 c4 26. Qc2 Qg7 27. Ng1 Nf6
28. N1f3 Ng4 29. Re1 Qg6 30. Qxg6 Rxg6 31. Reh1 Nf6 32. Ne5 Rg7 33. g4 Ne4 34.
gxh5 Ng3 35. R1h2 Nf5 36. R4h3 Nh6 37. Re2 Rf8 38. Ng6 Rf6 39. Rhe3 Kd7 40. Kc2
Nf7 41. Nxf7 Rfxf7 1-0

[Event "Montcalm 4 2022-23"]
[Site "Quebec CAN"]
[Date "2023.01.12"]
[Round "2"]
[White "Hamel, Tristan"]
[Black "Boyer, Vincent"]
[Result "1-0"]
[WhiteElo "1550"]
[BlackElo "1233"]
[PlyCount "117"]
[EventDate "2023.01.05"]
[EventType "swiss"]
[EventRounds "5"]
[EventCountry "CAN"]

1. b3 e5 2. Bb2 Nc6 3. Nc3 d5 4. e4 d4 5. Nd5 Nf6 6. Qf3 Nxd5 7. exd5 Nb4 8.
Kd1 Nxd5 9. Bc4 Nf6 10. Qe2 Bd6 11. Bxd4 Qe7 12. Bb2 O-O 13. h3 a5 14. d4 Nd7
15. Nf3 Re8 16. Re1 exd4 17. Nxd4 Qxe2+ 18. Rxe2 Rxe2 19. Kxe2 Nb6 20. Bd3 Bd7
21. Re1 Re8+ 22. Kd1 Rxe1+ 23. Kxe1 Nd5 24. Nf5 Bb4+ 25. Kf1 f6 26. a3 Bc3 27.
Ne7+ Nxe7 28. Bxc3 b6 29. Bd2 c5 30. c4 Nc6 31. Bf4 Nd4 32. Bc7 Nxb3 33. Bxb6
a4 34. Ke1 g5 35. Kd1 h5 36. Kc2 g4 37. hxg4 hxg4 38. Kc3 Bc6 39. g3 Kg7 40.
Bc2 Nd4 41. Bxc5 Nxc2 42. Kxc2 Be4+ 43. Kc3 Bc6 44. Kb4 f5 45. Ka5 Kg6 46. Kb6
Be8 47. Bd6 Kf6 48. Kb7 Ke6 49. c5 Kd7 50. Bf4 Kd8 51. Bc7+ Kd7 52. c6+ Ke6 53.
Bb6 Bxc6+ 54. Kxc6 Ke5 55. Kb5 Ke4 56. Kxa4 Kf3 57. Kb5 f4 58. gxf4 Kxf4 59. a4
1-0

[Event "Montcalm 4 2022-23"]
[Site "Quebec CAN"]
[Date "2023.01.12"]
[Round "2"]
[White "Laflamme, Simon"]
[Black "Lapierre, Gaetan"]
[Result "1/2-1/2"]
[WhiteElo "1965"]
[BlackElo "1806"]
[PlyCount "41"]
[EventDate "2023.01.05"]
[EventType "swiss"]
[EventRounds "5"]
[EventCountry "CAN"]

1. d4 d5 2. c4 e6 3. Nc3 Nf6 4. cxd5 Nxd5 5. e4 Nxc3 6. bxc3 c5 7. Nf3 cxd4 8.
cxd4 Bb4+ 9. Bd2 Qa5 10. Bc4 O-O 11. O-O Bxd2 12. Qxd2 Qxd2 13. Nxd2 Nc6 14.
Nf3 Na5 15. Bd3 Rd8 16. Rfd1 Bd7 17. Rac1 Ba4 18. Bc2 Bb5 19. Bd3 Ba4 20. Bc2
Bb5 21. Bd3 1/2-1/2

[Event "Montcalm 4 2022-23"]
[Site "Quebec CAN"]
[Date "2023.01.12"]
[Round "2"]
[White "Oliver, Vance"]
[Black "Fleury, Dominic"]
[Result "1/2-1/2"]
[WhiteElo "1607"]
[BlackElo "1390"]
[PlyCount "96"]
[EventDate "2023.01.05"]
[EventType "swiss"]
[EventRounds "5"]
[EventCountry "CAN"]

1. e4 e5 2. Nf3 Nc6 3. Bb5 d6 4. d4 Bd7 5. c3 h6 6. O-O Nf6 7. Re1 g5 8. Nbd2
Nh5 9. Nxe5 Nxe5 10. Bxd7+ Nxd7 11. Qxh5 Qe7 12. Nc4 O-O-O 13. Bd2 Nf6 14. Qe2
Bg7 15. Rac1 Rde8 16. e5 Nd7 17. Qf3 dxe5 18. dxe5 Qc5 19. Qg4 Rd8 20. Be3 Qb5
21. a4 Qa6 22. b4 Kb8 23. b5 Qe6 24. Qxe6 fxe6 25. a5 Nxe5 26. Nxe5 Bxe5 27.
Bxa7+ Kxa7 28. Rxe5 Rhe8 29. c4 c6 30. Rce1 Rd4 31. g3 Rxc4 32. Rxe6 Rxe6 33.
Rxe6 cxb5 34. Rxh6 Ra4 35. Rg6 g4 36. Kg2 b4 37. Rxg4 Ka6 38. h4 Kxa5 39. h5 b3
40. Rxa4+ Kxa4 41. h6 b2 42. h7 b1=Q 43. h8=Q Qe4+ 44. Kh2 b5 45. Qa1+ Kb4 46.
Qb2+ Kc5 47. Qc3+ Qc4 48. Qe5+ Qd5 1/2-1/2

[Event "Montcalm 4 2022-23"]
[Site "Quebec CAN"]
[Date "2023.01.12"]
[Round "2"]
[White "Sarra-Bournet, Marc"]
[Black "Plante, Rejean"]
[Result "1-0"]
[WhiteElo "1776"]
[BlackElo "1966"]
[PlyCount "70"]
[EventDate "2023.01.05"]
[EventType "swiss"]
[EventRounds "5"]
[EventCountry "CAN"]

1. e4 c5 2. Nc3 e6 3. f4 Nc6 4. Nf3 g6 5. Bc4 Bg7 6. O-O Nge7 7. e5 d5 8. exd6
Nf5 9. Bb5 Qxd6 10. Ne4 Qd5 11. d3 Nfd4 12. Nxd4 cxd4 13. Bc4 Qd8 14. Bd2 O-O
15. Qe1 a6 16. a4 b6 17. b4 Qc7 18. b5 Na5 19. Bxa5 bxa5 20. Qh4 h6 21. Nf6+
Kh8 22. Ng4 h5 23. Ne5 Bxe5 24. fxe5 Qxe5 25. Qe7 Kg8 26. Rae1 Qg7 27. b6 Rb8
28. Qc5 Bb7 29. Qxa5 Rfc8 30. Qg5 Rc6 31. Rf6 Rc5 32. Re5 Rxe5 33. Qxe5 Rd8 34.
Bxe6 fxe6 35. Qxe6+ Kh8 1-0

[Event "Montcalm 4 2022-23"]
[Site "Quebec CAN"]
[Date "2023.01.12"]
[Round "2"]
[White "Sauve, Richard"]
[Black "Auger, Bertrand"]
[Result "1-0"]
[WhiteElo "1930"]
[BlackElo "2055"]
[PlyCount "71"]
[EventDate "2023.01.05"]
[EventType "swiss"]
[EventRounds "5"]
[EventCountry "CAN"]

1. d4 Nf6 2. c4 e6 3. Nc3 Bb4 4. Qc2 b6 5. e4 c5 6. d5 exd5 7. exd5 Qe7+ 8.
Nge2 O-O 9. Bd2 Bxc3 10. Bxc3 d6 11. Bxf6 Qxf6 12. Ng3 Na6 13. a3 b5 14. cxb5
Re8+ 15. Be2 Nc7 16. O-O Bb7 17. b4 Nxd5 18. Bf3 Re5 19. bxc5 dxc5 20. Rad1
Rae8 21. Rd2 Qe7 22. Rfd1 Re1+ 23. Rxe1 Qxe1+ 24. Nf1 Nf4 25. Bxb7 Ne2+ 26.
Rxe2 Rxe2 27. Qxc5 g6 28. Bf3 Ra2 29. Bd5 Ra1 30. Bc4 Rc1 31. Qd5 Kg7 32. Qxf7+
Kh6 33. g3 Qe4 34. Bd5 Qe5 35. Qf8+ Kh5 36. Bf3+ 1-0

[Event "Montcalm 4 2022-23"]
[Site "Quebec CAN"]
[Date "2023.01.19"]
[Round "3"]
[White "Brown, Zachary"]
[Black "Chabot, Sebastien"]
[Result "1-0"]
[WhiteElo "1584"]
[BlackElo "1347"]
[PlyCount "87"]
[EventDate "2023.01.05"]
[EventType "swiss"]
[EventRounds "5"]
[EventCountry "CAN"]

1. e4 e5 2. Nf3 Nc6 3. Bc4 Bc5 4. c3 d6 5. d4 Bb6 6. dxe5 dxe5 7. Qxd8+ Nxd8 8.
Nxe5 Be6 9. Bb5+ c6 10. Ba4 Nf6 11. Bc2 Nh5 12. O-O O-O 13. Nd2 Bc7 14. Nef3
Bg4 15. h3 Bxf3 16. Nxf3 Ne6 17. Nd4 Nef4 18. Be3 a6 19. g3 Ng6 20. Rad1 Rad8
21. Nb3 b6 22. Rxd8 Rxd8 23. Rd1 Rxd1+ 24. Bxd1 Nf6 25. Bf3 c5 26. Nd2 Ne5 27.
Be2 a5 28. Bf4 Nfd7 29. Bb5 Nf6 30. Kg2 h6 31. Nc4 Nxc4 32. Bxc7 Nxb2 33. Bxb6
Nxe4 34. Bxa5 Nd1 35. c4 Ndxf2 36. Bb6 Nd3 37. a4 Nd6 38. Bc7 Nc8 39. a5 Nb4
40. a6 Kf8 41. Bb8 Nb6 42. Bd6+ Kg8 43. Bxc5 Na8 44. Bxb4 1-0

[Event "Montcalm 4 2022-23"]
[Site "Quebec CAN"]
[Date "2023.01.19"]
[Round "3"]
[White "Fecteau, Martin"]
[Black "Hamel, Tristan"]
[Result "1-0"]
[WhiteElo "1903"]
[BlackElo "1550"]
[PlyCount "141"]
[EventDate "2023.01.05"]
[EventType "swiss"]
[EventRounds "5"]
[EventCountry "CAN"]

1. d4 e6 2. c4 d5 3. e3 Nf6 4. Nf3 Be7 5. Nc3 O-O 6. Bd3 c5 7. O-O Nc6 8. a3 b6
9. cxd5 Nxd5 10. Qc2 h6 11. e4 Nxd4 12. Nxd4 cxd4 13. Nb5 Nf6 14. e5 Nd7 15.
Be4 Ba6 16. Qe2 Rc8 17. a4 Nxe5 18. Qh5 f5 19. Bb1 Bf6 20. Bf4 Nf7 21. Qg6 Qd7
22. Bd3 Bxb5 23. Bxb5 Qd5 24. Ra3 Nh8 25. Qh5 Qe4 26. Rf3 Nf7 27. Bd3 Qc6 28.
b3 Qd7 29. Bc4 Kh7 30. Rh3 g6 31. Qd1 g5 32. Bc1 e5 33. Qh5 Rxc4 34. bxc4 Qxa4
35. Ba3 Qe8 36. Bxf8 Qxf8 37. Ra1 Qe7 38. Rha3 a5 39. Qf3 Kg6 40. Qa8 Kg7 41.
Rb3 Qc7 42. Qa6 Bd8 43. Rab1 Qe7 44. Qa8 Kf6 45. Rb5 Nd6 46. Rd5 Bc7 47. Qc6
Ke6 48. Re1 e4 49. Rxd4 Kf7 50. Red1 Ke6 51. Qd5+ Kf6 52. Qc6 Ke6 53. Rb1 Qg7
54. Rd5 Qd7 55. Qa8 Qd8 56. Qa6 Qd7 57. Rbd1 Qc6 58. c5 Nf7 59. cxb6 Bxb6 60.
Rxa5 Ne5 61. Raa1 Qc5 62. Qa2+ Kf6 63. Rac1 Qe7 64. Qb2 Qe6 65. Rc2 Kf7 66. Rb1
Bxf2+ 67. Rxf2 Kg6 68. Qb6 Qxb6 69. Rxb6+ Kh5 70. Rxf5 Nc4 71. Re6 1-0

[Event "Montcalm 4 2022-23"]
[Site "Quebec CAN"]
[Date "2023.01.19"]
[Round "3"]
[White "Fleury, Dominic"]
[Black "Boissinot, Claude"]
[Result "0-1"]
[WhiteElo "1390"]
[BlackElo "1484"]
[PlyCount "83"]
[EventDate "2023.01.05"]
[EventType "swiss"]
[EventRounds "5"]
[EventCountry "CAN"]

1. e4 c5 2. Nf3 e6 3. Bb5 a6 4. Be2 Nc6 5. d4 cxd4 6. Nxd4 Nf6 7. Nc3 d6 8. O-O
Bd7 9. a3 Qc7 10. b4 Nxb4 11. Rb1 Nc6 12. Be3 Rc8 13. Nxc6 Bxc6 14. Bb6 Qd7 15.
Bd3 Be7 16. Qe2 O-O 17. Rfd1 Qe8 18. e5 dxe5 19. Qxe5 Nd7 20. Qh5 g6 21. Qh6
Bf6 22. Ne4 Bxe4 23. Bxe4 Nxb6 24. Rxb6 Qa4 25. Rb3 Qxe4 26. Rh3 g5 27. Qxf6
Qg6 28. Qxg6+ fxg6 29. Rc1 Rfd8 30. g4 Rd2 31. c3 Rf8 32. Rb1 b5 33. Re1 Rf6
34. Rhe3 Kf7 35. a4 bxa4 36. f3 a3 37. Ra1 a2 38. c4 Rc2 39. Ra3 Rxc4 40. R1xa2
Rc6 41. Kf2 e5 42. Rxa6 0-1

[Event "Montcalm 4 2022-23"]
[Site "Quebec CAN"]
[Date "2023.01.19"]
[Round "3"]
[White "Lapierre, Gaetan"]
[Black "Perreault, Jacquelin"]
[Result "1/2-1/2"]
[WhiteElo "1806"]
[BlackElo "1761"]
[PlyCount "81"]
[EventDate "2023.01.05"]
[EventType "swiss"]
[EventRounds "5"]
[EventCountry "CAN"]

1. e4 c5 2. Nc3 Nc6 3. g3 d6 4. Bg2 g6 5. Nf3 Bg7 6. O-O a6 7. d3 e6 8. Ne2
Nge7 9. h3 Bd7 10. g4 Rb8 11. d4 cxd4 12. Nfxd4 Qc7 13. c3 b5 14. b3 Nxd4 15.
cxd4 O-O 16. Be3 Rbc8 17. Rc1 Qa5 18. Qd2 Qxd2 19. Bxd2 Nc6 20. d5 Nd4 21. Nxd4
Bxd4 22. Bh6 Rxc1 23. Rxc1 Rc8 24. Rd1 e5 25. Rc1 f5 26. Rxc8+ Bxc8 27. gxf5
gxf5 28. exf5 Bxf5 29. Bd2 Bc5 30. a4 Bd3 31. axb5 axb5 32. b4 Bd4 33. Bf1 Bxf1
34. Kxf1 Kf7 35. f3 Kf6 36. Ke2 Kf5 37. Kd3 Bb6 38. Bh6 Bc7 39. Ke3 Bb8 40. Kd3
Bc7 41. Ke3 1/2-1/2

[Event "Montcalm 4 2022-23"]
[Site "Quebec CAN"]
[Date "2023.01.19"]
[Round "3"]
[White "Michaud, Jacques"]
[Black "Duguay-Piron, Simon"]
[Result "1-0"]
[WhiteElo "1496"]
[BlackElo "1618"]
[PlyCount "49"]
[EventDate "2023.01.05"]
[EventType "swiss"]
[EventRounds "5"]
[EventCountry "CAN"]

1. Nf3 d5 2. g3 Nf6 3. Bg2 c5 4. O-O Nc6 5. d4 cxd4 6. Nxd4 e5 7. Nxc6 bxc6 8.
c4 h6 9. Nc3 Be6 10. cxd5 cxd5 11. Qa4+ Qd7 12. Qxd7+ Kxd7 13. Rd1 Kc6 14. Be3
a6 15. Nxd5 Bxd5 16. Rac1+ Kd6 17. Bc5+ Ke6 18. Bh3+ Ng4 19. Bxg4+ f5 20. Bxf5+
Kxf5 21. Rxd5 Ke6 22. Rcd1 Bxc5 23. Rxc5 Rab8 24. b3 Rb6 25. Rdd5 1-0